Music Quiz

Random Music or Song Quiz

Songs Featuring... Quiz Stats

 Plays Quiz Updated Aug 27, 2012

Challenge
Share
Tweet
Embed
Score 0/19 Timer 04:00
2 Plays Today
Song Featured Artist % Correct
Love the Way You LieRihanna
85.5%
TelephoneBeyoncé Knowles
81.6%
Empire State of MindAlicia Keys
79.4%
California GurlsSnoop Dogg
76.1%
UmbrellaJay-Z
75.8%
Moves Like JaggerChristina Aguilera
64.4%
No AirChris Brown
55.4%
American BoyKanye West
52.7%
SmoothRob Thomas
46.3%
I Like ItPitbull
42.2%
Song Featured Artist % Correct
Where Is the Love?Justin Timberlake
39.4%
Somebody That I Used to KnowKimbra
34.5%
Turn me OnNicki Minaj
34%
OMGwill.i.am
31.6%
Half of My HeartTaylor Swift
29.8%
DownLil Wayne
29.7%
Broken StringsNelly Furtado
18.4%
Whatta ManEn Vogue
15.8%
The WandererJohnny Cash
5.5%

You're not logged in!

Compare scores with friends on all Sporcle quizzes.
OR
Log In

You Might Also Like...

Show Comments

Extras

Top Quizzes Today


Score Distribution

Your Account Isn't Verified!

In order to create a playlist on Sporcle, you need to verify the email address you used during registration. Go to your Sporcle Settings to finish the process.

Report this User

Report this user for behavior that violates our Community Guidelines.

Details: